Tài chính quốc tế hiện đại trong nền kinh tế mở

Saved in:
Bibliographic Details
Main Author: Nguyễn Văn Tiến, TS
Format: Book
Published: Thống kê 2000
Tags: Add Tag
No Tags, Be the first to tag this record!
Institutions: Mạng thư viện Đại học Đà Nẵng
LEADER 00590nam a2200229 a 4500
001 000029426
003 6181
005 20171030145630.0
008 171030s2000
020 |c 92000 
040 |a LTT 
082 0 |a 332.04  |b NG-T 
100 1 |a Nguyễn Văn Tiến, TS 
245 0 0 |a Tài chính quốc tế hiện đại trong nền kinh tế mở  |c Nguyễn Văn Tiến. 
260 |b Thống kê  |c 2000 
OWN |a LTT 
999 |a From the UDN01 
TYP |a Monograph 
TYP |a Printed language 
980 |a Mạng thư viện Đại học Đà Nẵng